000 00852nam a2200241Ia 4500
003 GCL
008 140319s9999 xx 000 0 ara d
040 _aGCL /
_cGCL
082 0 4 _a737.409
_bهـ م
100 1 _aهولوى، روس
245 1 0 _aموسوعة العملة: العملة فى الحضارة الاغريقية - العملات فى الامبراطورية اليونانية /
_cهولوى، روس
700 1 _aملاذ الحفار
700 1 _aمأمون عابدين
260 _a[S.N] :
_bدار المعرفة ،
_c1988
490 _a
650 0 4 _aتاريخ
650 0 4 _aالحضارة الاغريقية
650 0 4 _aالعملات البرونزية
650 0 4 _aالعملات الذهبية
650 0 4 _aالعملات الفضية
650 0 4 _aالحضارة الرومانية
942 _2ddc
_cBK
999 _c55525
_d55525